| 000 | 02063nam a22003017a 4500 | ||
|---|---|---|---|
| 003 | DO-SdBNP | ||
| 005 | 20240621121604.0 | ||
| 008 | 170112b2012 sp a 00| 0 spa d | ||
| 020 | _a9788449435379 | ||
| 040 |
_aBPMSU _bspa _cBPMSU |
||
| 082 | 4 |
_a372.21 _bA283m 2012 _222 |
|
| 100 | 1 |
_aAguilar, Marcela _eautor |
|
| 245 | 1 | 0 |
_aManual de la maestra de preescolar / _cMarcela Aguilar, Mirta Gloria Fenández, Lucas Pacheco |
| 260 |
_aBarcelona : _bOcéano, _c2012 |
||
| 300 |
_a592 p. : _bil. ; _c26 cm. |
||
| 505 | 0 | _aEl jardín maternal.-- El niño de 45 días a 24 meses.-- Recursos.-- El jardín de infancia.-- Desarrollos teóricos.-- Didáctica de las matemáticas.-- Didáctica de la lengua.-- Didáctica de las ciencias naturales.-- Didáctica de la tecnología.-- Didáctica de las ciencias sociales.-- Yo, tú, nosotros.-- Recuerdos de otros tiempos.-- Somos constructores.-- Sensación y sentimientos.-- Trabajos, maquinas y herramientas.-- De la tierra a la luna.-- A valorar.-- Recursos.-- Aprendemos a cuidarnos.-- El agua.-- Recursos.-- Pelos, plumas o escamas.-- mensajes y mensajes.-- El campo.-- La ciudad.-- Pinceles.-- caballetes y cinceles.-- Señoras y señores con ustedes.-- Y sonó la orquesta.-- La evaluación de la educación en valores. | |
| 520 | _aLa presente obra es una propuesta teórica y práctica exclusivamente dedicada al perfeccionamiento y actualización del docente de nivel inicial. La misma aborda, fundamentalmente, la problemática surgida frente a los últimos cambios didácticos-pedagógicos, con la aparición en el ámbito educativo de una nueva infancia y la dificultad que tienen muchos maestros para hacerle frente | ||
| 590 | _6Inventariado, 2024/VM | ||
| 650 | 4 |
_aEducación preescolar _v |
|
| 650 | 4 | _aJardines infantiles | |
| 650 | 4 | _a Didáctica pedagógica | |
| 650 | 4 | _a Manual de preescolar | |
| 650 | 4 | _a Psicología educativa | |
| 700 | 1 |
_aGonzález, Adriana _eselección |
|
| 700 | 1 |
_aHernández, Mariela, _eed. |
|
| 910 | _aVMateo V. Control de calidad. BPMSU | ||
| 942 |
_2ddc _cBK |
||
| 999 |
_c14682 _d14682 |
||